000 03009cam a22011894i 4500
003 PE-LiUPU
005 20250813185503.0
008 150625s r 000 0 d
035 _a(Sirsi) a34071
040 _aPE-LiUPU
_bspa
_cPE-LiUPU
_erda
082 0 4 _a372.21
_bH719n
_223
100 _aHohmann, Mary
_91776
245 1 0 _aNiños pequeños en accion :
_bManual para educadoras /
_cMary Hohmann, Bernard Banet, David P. Weikart.
250 _aTercera edición.
264 1 _aMexico :
_bTrillas,
_c1990.
300 _a416 páginas :
_bIlustraciones blanco y negro;
_c26 centímetros .
336 _atext
_2rdacontent
337 _aunmediated
_2rdamedia
338 _avolume
_2rdacarrier
490 _a(Biblioteca de educación infantil)
505 _aEL SALÓN DE CLASES, EL DÍA, EL EQUIPO DE TRABAJO: Disposición y equipamiento del salón de clases -- Establecimiento de la rutina diaria -- Enseñanza en equipo -- Planeación en equipo -- EXPERIENCIAS CLAVE PARA EL DESARROLLO COGNOSCITIVO: Aprendizaje activo -- Lenguaje -- Experimentación y representación -- Clasificación -- Seriación -- Número -- Relaciones espaciales -- Tiempo.
526 _aP202
526 _aP201
526 _aP163
526 _aP162
526 _aP161
526 _aP160
526 _aP148
526 _aP147
526 _aP146
526 _aP145
526 _aP144
526 _aP143
526 _aP142
526 _aP141
526 _aP140
526 _aP139
526 _aP138
526 _aP137
526 _aP136
526 _aP135
526 _aP134
526 _aP133
526 _aP129
526 _aP128
526 _aP127
526 _aP120
526 _aP119
526 _aP118
526 _aP116
526 _aP115
526 _aP114
526 _aP110
526 _aP109
526 _aP108
526 _aP104
526 _aP103
526 _aP102
526 _aP99
526 _aP98
526 _aP97
526 _aP96
526 _aP95
526 _aP93
526 _aP90
526 _aP89
526 _aP88
526 _aP83
526 _aP82
526 _aP62
526 _aP59
526 _aP58
526 _aP57
526 _aP51
526 _aP49
526 _aP48
526 _aP47
526 _aP29
526 _aP24
526 _aP20
526 _aP19
526 _aP17
526 _aP15
526 _aP14
526 _aP12
526 _aP10
526 _aP09
526 _aP08
526 _aP07
526 _aP06
526 _aP05
526 _aP04
526 _aP01
650 0 _aEducación preescolar
_91771
650 0 _aEducación de niños
_91818
700 _aHohmann, Mary .
_91773
_eautor
700 _aBanet, Bernard
_91774
_eautor
700 _aWeikart, David P.
_91775
_eautor
942 _2ddc
_cBK
_n0
980 _81
_gALBERTO SANCHEZ Responsable de Automatización
999 _c41888
_d41888